Quatrevingt-treize

Guardat en:
Dades bibliogràfiques
Autor principal: Hugo, Víctor
Format: Llibre
Idioma:Undetermined
Publicat: París, Francia Bookking International 1993
Matèries:
Etiquetes: Afegir etiqueta
Sense etiquetes, Sigues el primer a etiquetar aquest registre!

MARC

LEADER 00000nam a2200000Ia 4500
008 170316s9999 xx 000 0 und d
040 |a cru BVZT 
090 |a 840 H-2q 
100 |a Hugo, Víctor 
245 |a Quatrevingt-treize 
260 |a París, Francia 
260 |b Bookking International 
260 |c 1993 
300 |a 383 páginas 
650 |a LITERATURA FRANCESA 
999 |c 7744  |d 7744 
942 |c 15 D  |h 840 H-2q  |2 z